• 首页
  • 本馆介绍
  • 公告通知
  • 最新文献
  • 馆藏检索
  • 电子资源
  • 读者导购
  • 参考咨询
  • 我的图书馆
  • 登录
  • 详细信息显示
  • 放入我的书架
  • 预约/预借图书
  • 作者相关作品
  • 分类相关作品
  • 丛书相关作品
  • 出版社相关作品

书目信息

  • 表格格式
  • 工作单格式
  • 卡片格式
题名:
创造心理训练
    
 
作者: 钱含芬 主编
分册: 下册  
出版信息: 合肥   安徽大学出版社  1999
页数: 207页
开本: 19cm
丛书名: 学生心理素质结构优化指导丛书
单 册:
中图分类: G449.4 , B842
科图分类:
主题词: 中学生--智力测验 , 小学生--智力测验 , 心理过程 , 心理状态
电子资源:
ISBN: 7-81052-246-9
000 00780oam2 2200277 450
001 1535469226
005 20150126095330.45
010    @a7-81052-246-9@dCNY10.00
100    @a20021005d1999 em y0chiy0110 ea
101 0  @achi
102    @aCN@b340000
105    @aa z 000yy
200 1  @a创造心理训练@9chuang zao xin li xun lian@h下册@f钱含芬等主编
210    @a合肥@c安徽大学出版社@d1999
215    @a207页@c插图@d19cm
225 2  @a学生心理素质结构优化指导丛书
461  0 @12001 @a学生心理素质结构优化指导丛书
606 0  @a中学生@x智力测验
606 0  @a小学生@x智力测验
606 0  @a心理过程
606 0  @a心理状态
690    @aG449.4@v5
690    @aB842@v4
701  0 @a钱含芬@9qian han fen@4主编
801  0 @aCN@bTSSF@c20150126
905    @aZUCC@dB842@eJY989:2
    
    创造心理训练.下册/钱含芬等主编.-合肥:安徽大学出版社,1999
    207页:插图;19cm.-(学生心理素质结构优化指导丛书)
    
    
    ISBN 7-81052-246-9:CNY10.00
    
●
相关链接 在E读中查询图书 在五车中查询图书 在当当中查询图书 在豆瓣中查询图书


正题名:创造心理训练     索取号:B842/JY989:2         预约/预借

序号 登录号 条形码 馆藏地/架位号 状态 备注
1 7845137   278451373   学院路分馆/ [索取号:B842/JY989:2] 在馆    
唐山师范学院图书馆 欢迎您!
大连网信软件有限公司© 版权所有